Statistics for Blackadder Quiz #2

Click here to take the quiz!

General Stats

  • This quiz has been taken 240 times
    (83 since last reset)
  • The average score is 5 of 10

Answer Stats

Question Answer % Correct
Who is the pie shop owner?Mrs Miggins
88%
What was the name of the pidgeon that was with beastliness aforethought murdered?Speckled Jim
86%
Baldrick's moustache in "Major Star" was what?A Slug
82%
What do the Jumping Jews of Jerusalem do?Jump (a lot...)
70%
What does Blackadder find himself wearing by mistake when talking to Lady Whiteadder?Comedy Breasts
60%
What is the link between Queenie and the Shadow?Miranda Richardson
41%
Which comic genius played Richard the 3rd in the very first episode?Peter Cook
37%
"I spy with my bored little eye, something beginning with....t..." What is Baldrick's reply?!Breakfast
37%
What was Tom Baker's character in Potato?Captain Redbeard Rum
19%
Who is the "nosey little strumpet who's always going blubbing to the Queen"?Lady Farrow
16%

Score Distribution

Percentile by Number Answered

Percent of People with Each Score

Your Score History

You have not taken this quiz since the last reset